000 00904nam a2200265Ia 4500
003 OSt
005 20220923224311.0
006 a|||||r|||| 00| 0
007 ta
008 220922b |||||||| |||| 00| 0 hin d
024 _a230,652
037 _cTextual
040 _aARTS
_cARTS
_bhin
041 _2hin
_ahin
082 _aO152,6N161:g, N4
100 _aशुक्ल, श्रीलाल
_9156279
245 0 _aअमृत लाल नागर
246 _aAmṛut lāl nāgara
260 _aनई दिल्ली
_b साहित्य अकादेमी
_c1994
300 _a98पृ.
_ccm.
490 _aभारतीय साहित्य के निर्माता
650 _aहिन्दी साहित्य
_9156264
942 _hO152,6N161:g, N4
_cTEXL
_2CC
999 _c370487
_d370487